Biển Đông T.3 Địa chất - địa vật lý biển
Giới thiệu tình hình điều tra nghiên cứu địa chất - địa vật lí biển Việt Nam: đặc điểm địa hình địa mạo biển, trường địa lí và cấu trúc sâu vỏ trái đất, địa chất đệ tứ, đệ tam., trước đệ tam. Kiến tạo, lịch sử phát triển địa chất và tiềm năng dầu khí, khoáng sản biển Việt Nam...
שמור ב:
| מחברים אחרים: | , , , , |
|---|---|
| פורמט: | ספר |
| שפה: | Vietnamese |
| יצא לאור: |
H.
Khoa học Tự nhiên và Công nghệ
2009
|
| נושאים: | |
| תגים: |
הוספת תג
אין תגיות, היה/י הראשונ/ה לתייג את הרשומה!
|
| Thư viện lưu trữ: | Mạng thư viện Đại học Đà Nẵng |
|---|
| LEADER | 02037aam a22004338a 4500 | ||
|---|---|---|---|
| 001 | 000016666 | ||
| 003 | 13069 | ||
| 005 | 20121129151155.0 | ||
| 008 | 121129s2009 viesd | ||
| 020 | |c 130000đ |d 200b | ||
| 041 | 0 | |a vie | |
| 082 | 1 | 4 | |2 14 |a 551.465 |b Biê |
| 245 | 0 | 0 | |a Biển Đông |c Mai Thanh Tân (ch.b.), Lê Duy Bách, Đặng Văn Bát... |n T.3 |p Địa chất - địa vật lý biển |
| 260 | |a H. |b Khoa học Tự nhiên và Công nghệ |c 2009 | ||
| 300 | |a 517 tr. |b hình vẽ, bảng |c 24 cm. | ||
| 500 | |a ĐTTS ghi: Viện Khoa học và Công nghệ Việt Nam | ||
| 504 | |a Thư mục: tr. 593-644 | ||
| 520 | |a Giới thiệu tình hình điều tra nghiên cứu địa chất - địa vật lí biển Việt Nam: đặc điểm địa hình địa mạo biển, trường địa lí và cấu trúc sâu vỏ trái đất, địa chất đệ tứ, đệ tam., trước đệ tam. Kiến tạo, lịch sử phát triển địa chất và tiềm năng dầu khí, khoáng sản biển Việt Nam | ||
| 650 | |2 Bộ TK TVQG |a Địa chất | ||
| 650 | |2 Bộ TK TVQG |a Địa vật lí | ||
| 651 | |2 Bộ TK TVQG |a Biển Đông | ||
| 651 | |2 Bộ TK TVQG |a Việt Nam | ||
| 700 | 1 | |a Đặng Văn Bát | |
| 700 | 1 | |a Lê Duy Bách.. | |
| 700 | 1 | |a Mai Thanh Tân |e ch.b. | |
| 700 | 1 | |a Đỗ Bạt | |
| 700 | 1 | |a Nguyễn Biểu | |
| 773 | |d H. |d 2009 |d Nxb. Hà Nội |n ĐTTS ghi: Viện Khoa học và Công nghệ Việt Nam |t Biển Đông |w 436230 | ||
| 773 | |d Khoa học Tự nhiên và Công nghệ |d H. |d 2009 |t Biển đông |w 13066 | ||
| OWN | |a LSP | ||
| AVA | |a UDN50 |b LSP |d 551.465 Biê |e available |t Error 5001 Not defined in file expand_doc_bib_avail. |f 2 |g 0 |h N |i 0 |k 1 | ||
| 999 | |a From the UDN01 | ||
| AVA | |a UDN50 |b LSP |d 551.465 Biê |e available |t Error 5001 Not defined in file expand_doc_bib_avail. |f 2 |g 0 |h N |i 0 |k 1 | ||
| TYP | |a Monograph | ||
| TYP | |a Printed language | ||
| 980 | |a Mạng thư viện Đại học Đà Nẵng | ||